Представление документа в формате RUSMARC

ПолеНазваниеЗначение
  Тип записи a
  Библиографический уровень a
001 Контрольный номер RU/CBS_UL/BASE/708519737
005 Дата корректировки 20240209175326.2
100 Данные общей обработки __
a Данные общей обработки 20220614d2022 ||| 0rusy0189 ca
101 Язык документа 0_
a Язык текста rus
102 Страна публикации __
a Страна публикации RU
105 Кодированные данные (монография) __
a Кодированные данные (монография) y###||||000|y
181 Поле кодированных данных: вид содержания _1
a Код вида содержания (ISBD) i#
b Код характеристики содержания (ISBD) #xxe##
d i
g x
h x
i e
2 Код системы (источник кода, отличный от ISBD) isbdcontent
182 Поле кодированных данных: тип средства _1
a Код типа средства (ISBD) n
2 Код системы (источник кода, отличный от ISBD) isbdmedia
200 Заглавие и сведения об ответственности 1_
a Заглавие Служебный брак
b Общее обозначение материала Текст
e Сведения, относящиеся к заглавию [о семейном и творческом союзе Г. Александрова и Л. Орловой]
f Первые сведения об ответственности М. Помозова
w Текст (визуальный) : непосредственный
203 Вид содержания и тип средства __
a Вид содержания Текст
b Характеристика содержания визуальный
c Тип средства непосредственный
333 Примечание о целевом назначении __
a Примечание о целевом назначении 16+
461 Уровень набора _0
1 2000
a Дарья. Биография
463 Уровень физической единицы _0
1 001RU/CBS_UL/BASE/708006352
1 2000
a № 6
v С. 14-15 : фот.
1 210
d 2022
600 Персоналии _0
a Персоналии (Фамилия) Александров
b Персоналии (Имя, инициалы) Г.В.
600 Персоналии _0
a Персоналии (Фамилия) Орлова
606 Тематические рубрики 0_
a Основная рубрика Александров, Григорий Васильевич (1903-1983)
606 Тематические рубрики 0_
a Основная рубрика Орлова, Любовь Петровна (1902-1975)
610 Ключевые слова 0_
a Ключевые слова советские кинорежиссёры
a Ключевые слова сценаристы
a Ключевые слова педагоги
a Ключевые слова Герои Социалистического Труда
a Ключевые слова народные артисты СССР
a Ключевые слова лауреаты двух Сталинских премий I степени
a Ключевые слова кавалеры трёх орденов Ленина
a Ключевые слова советские актрисы
a Ключевые слова актрисы театра и кино
a Ключевые слова певицы
a Ключевые слова танцовщицы
a Ключевые слова народные артистки СССР
a Ключевые слова кавалеры ордена Ленина
686 Индексы других классификаций __
a Классификационный индекс 85.374(2)
2 Код системы rubbk
700 Автор _1
a Фамилия Помозова
b Имя (инициалы) М.
801 Источник записи _0
a Страна RU
b Организация МБУК ЦБС г. Ульяновска
c Дата составления 20220614
g Правила каталогизации RCR
801 Источник записи _1
a Страна RU
b Организация МБУК ЦБС г. Ульяновска
c Дата составления 20220614
g Правила каталогизации RCR
901 Тип документа __
t Тип документа b
w Контрольный № источника RU/CBS_UL/BASE/708006352
910 Корректоры записи __
a Корректор записи Библиотека 1-2
938 Служебная информация __
a Имя БД period